| Tag |
First Indicator |
Second Indicator |
Subfields |
| LEADER |
00000cam a22000001a 4500 |
| 001 |
in00003217708 |
| 005 |
20190404184142.0 |
| 006 |
m d f |
| 007 |
cr bn mmmapmmp |
| 008 |
091020s1988 dcua ob f000 0 eng d |
| 035 |
|
|
|a cis2007453634
|
| 040 |
|
|
|a UMI
|c UMI
|d UtOrBLW
|
| 043 |
|
|
|a n-us---
|
| 074 |
|
|
|a 1024-A, 1024-B (microfiche)
|
| 086 |
0 |
|
|a Y 4.P 96/11:100-21
|
| 088 |
|
|
|a 100-21 (United States. Congress. House. Committee on Public Works and Transportation)
|
| 099 |
|
|
|a HRG-1987-PWT-0010
|
| 110 |
1 |
|
|a United States.
|b Congress.
|b House.
|b Committee on Public Works and Transportation.
|b Subcommittee on Investigations and Oversight.
|
| 245 |
1 |
0 |
|a Pipeline safety :
|b hearings before the Subcommittee on Investigations and Oversight of the Committee on Public Works and Transportation, House of Representatives, One Hundredth Congress, first session, May 5 and 6, 1987.
|
| 264 |
|
1 |
|a Washington :
|b U.S. G.P.O.,
|c 1988.
|
| 300 |
|
|
|a 1 online resource.
|
| 336 |
|
|
|a text
|b txt
|2 rdacontent
|
| 337 |
|
|
|a computer
|b c
|2 rdamedia
|
| 338 |
|
|
|a online resource
|b cr
|2 rdacarrier
|
| 500 |
|
|
|a Record is based on bibliographic data in ProQuest Congressional Hearings Digital Collection. Reuse except for individual research requires license from ProQuest, LLC.
|
| 504 |
|
|
|a Includes bibliographical references.
|
| 538 |
|
|
|a System requirements: PDF reader software.
|
| 500 |
|
|
|a Electronic resource.
|
| 650 |
|
0 |
|a Natural gas
|z United States
|x Piping.
|
| 650 |
|
0 |
|a Hazardous substances
|z United States
|x Transportation.
|
| 655 |
|
7 |
|a Electronic books.
|2 local
|
| 710 |
2 |
|
|a ProQuest (Firm)
|
| 776 |
0 |
8 |
|i Print version:
|a United States. Congress. House. Committee on Public Works and Transportation. Subcommittee on Investigations and Oversight.
|t Pipeline safety
|w (OCoLC)17556656
|w gp 88008939
|
| 776 |
0 |
8 |
|i Microfiche version:
|a United States. Congress. House. Committee on Public Works and Transportation. Subcommittee on Investigations and Oversight.
|t Pipeline safety.
|d [Bethesda, Md.] : ProQuest,[2004]
|o CIS 88 H641-17
|w (ProQuest)cis08801242
|
| 830 |
|
0 |
|a U.S. Congressional Hearings.
|
| 856 |
4 |
0 |
|u http://proxy.library.tamu.edu/login?url=http://congressional.proquest.com/congcomp/getdoc?HEARING-ID=HRG-1987-PWT-0010
|z Connect to the full text of this electronic book
|t 0
|
| 998 |
|
|
|a cis08801242
|
| 999 |
|
|
|a MARS
|
| 999 |
f |
f |
|s 8e167bdb-09ce-3f6b-939f-25aad43736f8
|i fd964a72-692f-3343-b4f5-a186bdb0cd9f
|t 0
|
| 952 |
f |
f |
|a Texas A&M University
|b College Station
|c Electronic Resources
|d Available Online
|t 0
|e HRG-1987-PWT-0010
|h Other scheme
|
| 998 |
f |
f |
|a HRG-1987-PWT-0010
|t 0
|l Available Online
|